| 000 | 00958nam a2200265 a 4500 | ||
|---|---|---|---|
| 001 | 001115394 | ||
| 003 | AM-YeHGA | ||
| 005 | 20250617151833.0 | ||
| 008 | 151124s2015 xxua r 000 0 eng d | ||
| 020 | _a9781466662841 | ||
| 020 | _a9781466662858 | ||
| 020 | _a9781466662872 | ||
| 040 | _aAM-YeHGA | ||
| 041 | 0 | _aeng | |
| 245 | 0 | 0 |
_aAdvancing higher education with mobile learning technologies : _bcases, trends, and inquiry-based methods / _cEdt.: Jared Keengwe, Marian B. Maxfield. |
| 260 |
_aUSA : _bInformation Science Reference, _c2015. |
||
| 300 |
_a364 p. : _bill. |
||
| 440 | 0 | _aAdvances in higher education and professional development book series | |
| 504 | _aIncludes bibliogr. references (p. 319-352) | ||
| 650 | 1 | 4 |
_aEducation, Higher _xComputer-assisted instruction |
| 650 | 1 | 4 |
_aEducation, Higher _xEffect of technological innovations on |
| 700 | 1 |
_aKeengwe, Jared _4edt |
|
| 700 | 1 |
_aMaxfield, Marian B. _4edt |
|
| 090 | _c360722 | ||
| 999 |
_c358897 _d358897 |
||